| 000 | 00647nam a2200193Ia 4500 | ||
|---|---|---|---|
| 008 | 151121s9999||||xx |||||||||||||| ||und|| | ||
| 082 | _a398।3 / दाभोळ | ||
| 082 | _bHNW-75835 | ||
| 100 | _aदाभोलकर नरेंद्र | ||
| 245 | _aलढे अंधश्रध्देचे | ||
| 260 | _bसातारा | ||
| 260 | _c-- | ||
| 300 | _a279 | ||
| 600 | _aदाभोलकर नरेंद्र | ||
| 630 | _aलढे अंधश्रध्देचे | ||
| 700 | _aदाभोलकर नरेंद्र | ||
| 730 | _aलढे अंधश्रध्देचे | ||
| 942 | _cBOOK | ||
| 999 |
_c1257268 _d1257265 |
||